000
00343nam a22001457a 4500
008
210226b ||||| |||| 00| 0 eng d
020
_a
0853692890
041
_a
eng
080
_a
572
082
_a
572
100
_a
24
101
_a
ANT
245
_a
Herbal Medicines a Guide for Health-Care Professionals
_c
Newall, C. A
942
_2
udc
_c
BK
999
_c
55276
_d
55276